Animal Stories
| Main Author: | |
|---|---|
| Format: | Book |
| Language: | English |
| Published: |
England :
Martspress Ltd ,
1993
|
| Subjects: |
MARC
| LEADER | 00000cam a2200000 7i4500 | ||
|---|---|---|---|
| 001 | 0000106946 | ||
| 005 | 20140711.0 | ||
| 008 | 101124 eng | ||
| 020 | |a 0709708998 | ||
| 090 | 0 | 0 | |a JF HAY |
| 100 | 1 | |a Hayes, Barbara | |
| 245 | 1 | 0 | |a Animal Stories |c Barbara Hayes |
| 260 | |a England : |b Martspress Ltd , |c 1993 | ||
| 300 | |a []p. : |b col.ill. ; |c 30cm. | ||
| 650 | 0 | 0 | |a Junior Fictions |
| 999 | |a 0000262740 |b Buku |c Koleksi Pinjaman Kanak-Kanak |e PK Melaka Mall | ||
| 999 | |a 0000262741 |b Buku |c Koleksi Pinjaman Kanak-Kanak |e PK Melaka Mall | ||